00818 a2200157 45000010006000000050017000060080041000230030015000640400040000790800086001192450088002052640030002933000018003235050298003411000021006393595220260407155637.0260407a1979 arg spa dAR-UNSa-BCEJYS aAR-UNSa-BCEJYSbspacAR-UNSa-BCEJYS a658.312.4xEducación y adiestramiento (capacitación, formación, carrera...)10aIntroducción a la dínamica de grupopel grupo T como herramienta de laboratorio 1aMéxico :bTrillasc1979 a93 p.c25 cm. a1. Entrenamiento en relaciones ineterpersonales - 2. Fundamentos teóricos del grupo T - 3. Aspectos relevantes en la categorización de diferentes tipos del grupo T - 4. Fases de desarrollo de un grupo T - 5. Teorías sobre el proceso de aprendizaje en grupo T - 6. Conclusiones generales.1 aHusenman, Samuel